Supercómic: mutaciones de la novela gráfica contemporánea (Registro nro. 745192)

Detalles MARC
001 - NÚMERO DE CONTROL
campo de control 1447365
005 - FECHA Y HORA DE LA ÚLTIMA TRANSACCIÓN
campo de control 20260508090739.0
008 - DATOS DE LONGITUD FIJA--INFORMACIÓN GENERAL
campo de control de longitud fija 160804s2013 spa
020 ## - NÚMERO INTERNACIONAL ESTÁNDAR DEL LIBRO
Número Internacional Estándar del Libro 9788415217442
035 ## - NÚMERO DE CONTROL DEL SISTEMA
Número de control de sistema 1447365
040 ## - FUENTE DE LA CATALOGACIÓN
Centro/agencia transcriptor comduadb
041 ## - CÓDIGO DE LENGUA
Código de lengua del texto/banda sonora o título independiente spa
082 #4 - NÚMERO DE LA CLASIFICACIÓN DECIMAL DEWEY
Número de clasificación 741
100 10 - ENTRADA PRINCIPAL--NOMBRE DE PERSONA
Nombre de persona García, Santiago
Código de función edt
Término indicativo de función/relación Editor/a
9 (RLIN) 564231
245 10 - MENCIÓN DE TÍTULO
Título Supercómic: mutaciones de la novela gráfica contemporánea
250 ## - MENCIÓN DE EDICIÓN
Mención de edición 1. edición
260 ## - PUBLICACIÓN, DISTRIBUCIÓN, ETC.
Lugar de publicación, distribución, etc. Madrid :
Nombre del editor, distribuidor, etc. Errata Naturae,
Fecha de publicación, distribución, etc. 2013.
300 ## - DESCRIPCIÓN FÍSICA
Extensión 357 paginas :
Otras características físicas ilustraciones a color
520 3# - SUMARIO, ETC.
Sumario, etc. "Este libro no es una historia del cómic. Tampoco es una guía de lectura ni una lista de la compra para principiantes. Dios nos libre. Este libro es un conjunto de ensayos lúcidos, heterogéneos y desacomplejados sobre el cómic actual: sobre sus mutaciones fundamentales en todo el mundo a lo largo de los últimos años. Porque el cómic ha cambiado mucho últimamente, y con él sus lectores. Hasta hace unos años, el lector adulto de cómics era casi siempre alguien que vivía en el recuerdo melancólico de sus lecturas infantiles y adolescentes. Ahora, sin embargo, los nuevos lectores adultos compran cómics porque su lectura les resulta tan estimulante y enriquecedora como una novela de Roberto Bolaño, un capítulo de The Wire o la última película de los hermanos Coen. A ellos se dirige este libro."
650 ## - PUNTO DE ACCESO ADICIONAL DE MATERIA--TÉRMINO DE MATERIA
Término de materia o nombre geográfico como elemento de entrada Novela gráfica - Historia y crítica
9 (RLIN) 222543
650 #7 - PUNTO DE ACCESO ADICIONAL DE MATERIA--TÉRMINO DE MATERIA
Término de materia o nombre geográfico como elemento de entrada Industria editorial
Fuente del encabezamiento o término lemb
9 (RLIN) 52535
650 ## - PUNTO DE ACCESO ADICIONAL DE MATERIA--TÉRMINO DE MATERIA
Término de materia o nombre geográfico como elemento de entrada Comic español
9 (RLIN) 168535
650 #7 - PUNTO DE ACCESO ADICIONAL DE MATERIA--TÉRMINO DE MATERIA
Término de materia o nombre geográfico como elemento de entrada Tiras cómicas, historietas, etc.
Fuente del encabezamiento o término lemb
9 (RLIN) 60870
700 10 - ENTRADA AGREGADA--NOMBRE PERSONAL
Nombre de persona Minchinela , Raúl
Código de función aut
Término indicativo de función/relación Autor/a
9 (RLIN) 722128
700 10 - ENTRADA AGREGADA--NOMBRE PERSONAL
Nombre de persona Ausente, Daniel
Código de función aut
Término indicativo de función/relación Autor/a
9 (RLIN) 643245
700 10 - ENTRADA AGREGADA--NOMBRE PERSONAL
Nombre de persona Pérez, Mireia
Código de función aut
Término indicativo de función/relación Autor/a
9 (RLIN) 730030
700 10 - ENTRADA AGREGADA--NOMBRE PERSONAL
Nombre de persona Fernández Porta, Eloy
Código de función aut
Término indicativo de función/relación Autor/a
9 (RLIN) 340526
700 10 - ENTRADA AGREGADA--NOMBRE PERSONAL
Nombre de persona Costa, Jordi
Código de función aut
Término indicativo de función/relación Autor/a
9 (RLIN) 599884
700 10 - ENTRADA AGREGADA--NOMBRE PERSONAL
Nombre de persona Palmer, Óscar
Código de función aut
Término indicativo de función/relación Autor/a
9 (RLIN) 744196
942 ## - ELEMENTOS DE ENTRADA AGREGADA (KOHA)
Tipo de ítem Koha Libros
Existencias
Estado de retiro Estado de pérdida Estado dañado No para préstamo Código de colección Localización permanente Ubicación/localización actual Fecha de adquisición Fuente de adquisición Coste, precio normal de compra Número de inventario Total de préstamos Signatura topográfica completa Código de barras Fecha visto por última vez Fecha del último préstamo Número de copia Precio válido a partir de Tipo de ítem Koha
        Colección General Piso 2 Biblioteca Carlos Gaviria Díaz, Campus Medellín Biblioteca Carlos Gaviria Díaz, Campus Medellín 04/08/2016 Grammata 63750.00 C1248757 3 741.5 S959 1016830 24/02/2026 17/02/2026 1 03/05/2023 Libros